Estructura Social y nutrición: metodología para su estudio /

Wedi'i Gadw mewn:
Manylion Llyfryddiaeth
Prif Awdur: Cross Beras, Julio A
Awduron Eraill: Pérez Mera, Amiro
Fformat: Texto
Cyhoeddwyd: Santo Domingo :
Tagiau: Ychwanegu Tag
Dim Tagiau, Byddwch y cyntaf i dagio'r cofnod hwn!

MARC

LEADER 00000 a a2200000 04500
001 15766
003
040
090 |a 014800  
100 |a Cross Beras, Julio A  
245 |a Estructura Social y nutrición: metodología para su estudio /  |c Julio A Cross Beras 
260 |a Santo Domingo :  
300 |a 16 p.  
700 |a Pérez Mera, Amiro  
999 |c 16825  |d 16825